[Event "CZE-chT2C 1920"]
[Site "Czech Republic"]
[Date "2019.12.15"]
[Round "5.8"]
[White "Gaspar, Zdenek"]
[Black "Smolik, Jachym"]
[Result "0-1"]
[WhiteElo "1878"]
[BlackElo "1900"]
[PlyCount "62"]
[EventDate "2019.10.13"]
[EventType "team-tourn"]
[EventRounds "11"]
[EventCountry "CZE"]
[SourceTitle "EXT 2024"]
[Source "ChessBase"]
[SourceDate "2023.10.10"]
[SourceVersion "1"]
[SourceVersionDate "2023.10.10"]
[SourceQuality "1"]
[WhiteTeam "Kobylisy II"]
[BlackTeam "Ricany 1925"]
[WhiteTeamCountry "CZE"]
[BlackTeamCountry "CZE"]

1. d4 Nf6 2. Bg5 e6 3. e4 h6 4. Bxf6 Qxf6 5. c3 b6 6. Bd3 Bb7 7. Ne2 c5 8. 0-0 Nc6 9. e5 Qd8 10. Be4 Qc7 11. f4 Nxd4 12. Bxb7 Nxe2+ 13. Qxe2 Qxb7 14. Na3 Be7 15. Rad1 0-0 16. Qb5 Rfd8 17. Nc4 Qc6 18. a4 Rab8 19. Rd2 a6 20. Qxa6 d5 21. exd6 Bxd6 22. a5 Bc7 23. axb6 Rxd2 24. Nxd2 Rxb6 25. Qa2 Qb5 26. b3 Qe2 27. Qa8+ Rb8 28. Qa7 Qxd2 29. Qxc7 Qe3+ 30. Kh1 Rxb3 31. f5 Qd3 0-1